Normal view
MARC view
Entry Personal Name
001 - CONTROL NUMBER
- control field: 54219
003 - CONTROL NUMBER IDENTIFIER
- control field: OSt
005 - DATE AND TIME OF LATEST TRANSACTION
- control field: 20160427112536.0
008 - FIXED-LENGTH DATA ELEMENTS
- fixed length control field: 160427|| aca||aabn | a|a d
040 ## - CATALOGING SOURCE
- Original cataloging agency: OSt
- Transcribing agency: OSt
100 ## - HEADING--PERSONAL NAME
- Personal name: प्रेमचंद
670 ## - SOURCE DATA FOUND
- Source citation: Work cat.: (OSt)18361: प्रेमचंद , दलित जीवन की कहानियॉ , 2004









